Library Banner

The meaning of death (Record no. 705)

MARC details
000 -LEADER
fixed length control field 00372nam a2200157Ia 4500
001 - CONTROL NUMBER
control field 604
008 - FIXED-LENGTH DATA ELEMENTS--GENERAL INFORMATION
fixed length control field 140312s9999 xx 000 0 und d
040 ## - CATALOGING SOURCE
Transcribing agency PK-LaUMT
082 ## - DEWEY DECIMAL CLASSIFICATION NUMBER
Classification number 306.9
Item number MEA-
100 ## - MAIN ENTRY--PERSONAL NAME
Personal name Herman Feifel
245 #4 - TITLE STATEMENT
Title The meaning of death
Statement of responsibility, etc Herman Feifel
260 ## - PUBLICATION, DISTRIBUTION, ETC. (IMPRINT)
Place of publication, distribution, etc "New York,USA:"
Name of publisher, distributor, etc "McGraw-Hill,"
Date of publication, distribution, etc 1959.
300 ## - PHYSICAL DESCRIPTION
Extent 351 p.
546 ## - LANGUAGE NOTE
Language note EN
942 ## - ADDED ENTRY ELEMENTS (KOHA)
Koha item type Books
Holdings
Withdrawn status Lost status Damaged status Not for loan Home library Current library Date acquired Total Checkouts Full call number Barcode Date last seen Date checked out Price effective from Koha item type
        UMT Main Campus UMT Main Campus 2014-03-12 3 306.9 MEA- 898 2019-01-17 2019-01-17 2014-03-12 Books